000 00805nam a2200241Ia 4500
003 OSt
005 20220923225321.0
006 a|||||r|||| 00| 0
007 ta
008 220922b |||||||| |||| 00| 0 hin d
024 _a263,443
037 _cTextual
040 _aARTS
_cARTS
_bhin
041 _2hin
_ahin
082 _aDelta2xM87:g, 152N1
100 _aभगवतीप्रसाद सिंह
245 0 _aमनीषी की लोकयात्रा
246 _ahinīṣhī kī lokayātrā
260 _aवाराणसी
_b विश्वविद्यालय प्रकाशन
_c1991
300 _a571पृ.
_ccm.
942 _hDelta2xM87:g, 152N1
_cTEXL
_2CC
999 _c377549
_d377549